Carrion beetles (Coleoptera (Registro nro. 648)
[ vista simple ]
| 000 -CABECERA | |
|---|---|
| Campo de control | 00632nam a2200217 a 4500 |
| 005 - FECHA Y HORA DE LA ULTIMA TRANSACCION | |
| Campo de control | 20200104041513.0 |
| 008 - ELEMENTOS DE LONGITUD FIJA—INFORMACION GENERAL | |
| Campo de control | 140221b1996 -Us||||| |||| 00| 0 eng d |
| 020 ## - ISBN | |
| ISBN | 00936812 |
| 041 ## - IDIOMA | |
| Código de idioma para texto/pista de sonido o título separado | Inglés |
| 044 ## - PAÍS DE PUBLICACIÓN | |
| País de publicación | Estados Unidos |
| 090 ## - CLASIFICACIÓN LOCAL | |
| Colección | LB |
| Consecutivo | 00632 |
| 100 ## - ASIENTO PRINCIPAL--NOMBRE PERSONAL | |
| Nombre personal | Ratcliffe, Brett C. |
| 245 ## - MENCION DE TITULO | |
| Título | Carrion beetles (Coleoptera |
| Parte restante del título | silphidae) of Nebraska |
| 260 ## - PUBLICACION, DISTRIBUCION, ETC. (PIE DE IMPRENTA) | |
| Lugar de publicación, distribución, etc. | Nebraska |
| Nombre del editor, distribuidor, etc. | University of Nebraska State Museum |
| Fecha de publicación, distribución, etc. | 1996 |
| 300 ## - DESCRIPCION FISICA | |
| Extensión | 100 p. |
| 650 ## - ASIENTO SECUNDARIO DE MATERIA - TERMINO TEMATICO | |
| Término temático o nombre geográfico como elemento de entrada | Descripción de la especie |
| 650 ## - ASIENTO SECUNDARIO DE MATERIA - TERMINO TEMATICO | |
| Término temático o nombre geográfico como elemento de entrada | Claves taxonómicas |
| 650 ## - ASIENTO SECUNDARIO DE MATERIA - TERMINO TEMATICO | |
| Término temático o nombre geográfico como elemento de entrada | Coleoptera |
| 662 ## - ASIENTO SECUNDARIO DE MATERIA - JERARQUIA DEL NOMBRE DE LUGAR( | |
| País o entidad mayor | Estados Unidos de Norteamérica |
| Jurisdicción política de primer orden | Nebraska |
| 942 ## - ELEMENTOS ADICIONALES (KOHA) | |
| Tipo de ítem | Impreso |
| Sistema de clasificación | Local |
| Withdrawn status | Lost status | Sistema de Clasificación | Damaged status | No para préstamo | Colección | Inventariado | Ubicación Permanente | Ubicación actual | Fecha de adquisición | Fuente de Valor | Valor | Total Checkouts | Número topográfico | Inventario / Código de Barras | Date last seen | Ejemplar | Price effective from | Forma de adquisición | Tipo de material |
|---|---|---|---|---|---|---|---|---|---|---|---|---|---|---|---|---|---|---|---|
| Local | Entomología | Inventariado 2017 | Villa de Leyva | Villa de Leyva | 07/01/1998 | Instituto | 39000.00 | LB-00632 | 000916 | 04/12/2012 | Ej. 1 | 04/12/2012 | Libro |